000 00330nam a22001457a 4500
008 210528b ||||| |||| 00| 0 eng d
020 _a9781464147067
041 _aeng
080 _23rd
_a159.9
082 _a159.9
100 _a48
101 _aPSI
245 _aPsychology in Everyday Life
_cDavid G. Myers
942 _2udc
_cBK
999 _c57814
_d57814